000 01104nam a2200337 a 4500
003 CHAP
005 20220329142218.0
008 000221d1995 mx r 00110 spa d
010 _a79981
011 _a80953
020 _a9803170759
035 _a91412
040 _cCHAP
082 0 4 _a121
_bZ4
100 0 0 _aZemelman, Hugo
_ecoord.
_9123880
245 1 0 _aDeterminismos y alternativas en las ciencias sociales de América Latina
_c/coord. por Hugo Zemelman
260 _aCuernavaca, Mor. :
_bCentro Regional de Investigaciones Multidisciplinarias,
_c1995.
300 _a139 p.
590 _aBATCH-UPD
_b10
_c20130110
_lUCH01
_h0708
590 _aBATCH-UPD
_b10
_c20130410
_lUCH01
_h0353
590 _aBATCH-UPD
_b10
_c20130914
_lUCH01
_h0937
590 _aCONVERSION
_b10
_c20130109
_lUCH01
_h1344
650 1 4 _aCiencias sociales.
_923213
650 1 4 _aConocimiento, Teoría del.
_927232
650 1 4 _aPensamiento.
_986728
650 1 4 _aPositivismo.
_991048
901 _aBK
905 _aGuadalupe Pinto C.
942 _cLIBRO
949 _a121 Z4
_bBC
_cLIBRO
_d33724000743324
_eLIBRO
_h96699
_i91412
_si
999 _c79981
_d79981